Statistiques concernant Pays avec le plus d'émigrants de Suisse

Cliquez ici pour prendre le quiz!

Statistiques générales

  • Ce quiz a été pris 139 fois
  • Le résultat moyen est 14 sur 20

Statistiques - réponses

Total d'émigrantsPays% Correct
197 411France
99%
90 357Allemagne
98%
49 644Italie
98%
23 788Espagne
96%
80 192Etats-Unis
96%
35 412Royaume-Uni
91%
16 316Autriche
88%
40 010Canada
84%
13 966Brésil
80%
7 856Belgique
79%
5 920Suède
76%
25 129Australie
73%
5 219Mexique
72%
15 381Argentine
66%
8 050Pays-Bas
65%
7 004Nouvelle-Zélande
53%
5 374Chili
46%
8 468Afrique du Sud
29%
9 330Thaïlande
25%
20 220Israël
15%

Distribution des résultats

Percentile par nombre de réponses

% des personnes avec chaque résultat

Votre développement - résultats

Vous n’avez pas pris ce quiz